Απομάκρυνση συμβατικών ρύπων και βενζοτριαζολών - βενζοθειαζολών σε υβριδικό σύστημα βιολογικής επεξεργασίας υγρών αποβλήτων προσκολλημένης και αιωρούμενης βιομάζας : πτυχιακή μελέτη

Ένα υβριδικό σύστημα προσκολλημένης και αιωρούμενης βιομάζας (Hybrid Moving Bed - Biofilm Reactor), εγκαταστάθηκε στο εργαστήριο Ποιότητας Υδάτων και Αέρα του Πανεπιστημίου Αιγαίου στη Μυτιλήνη, Ελλάδα. Το υβριδικό σύστημα λειτούργησε για δύο μήνες κατά τη διάρκεια της περιόδου Φεβρουαρίου - Μαρτίου...

Πλήρης περιγραφή

Αποθηκεύτηκε σε:
Λεπτομέρειες βιβλιογραφικής εγγραφής
Κύριος συγγραφέας: Τάκα, Αγάπη
Συγγραφή απο Οργανισμό/Αρχή: Πανεπιστήμιο Αιγαίου. Σχολή Περιβάλλοντος. Τμήμα Περιβάλλοντος
Άλλοι συγγραφείς: Χρόνη, Ευδοξία (Ο εκπονών διατριβή)
Μορφή: Thesis Βιβλίο
Γλώσσα:Greek
Δημοσίευση: 2016.
Θέματα:
Διαθέσιμο Online:http://hdl.handle.net/11610/17306
Ετικέτες: Προσθήκη ετικέτας
Δεν υπάρχουν, Καταχωρήστε ετικέτα πρώτοι!

MARC

LEADER 00000cam a2200000 a 4500
001 1/114231
008 170602s2016####gr | ||| |||| ||gre||
040 |a GR-MyUa  |b gre  |c GR-MyUa  |e AACR2 
041 0 |a gre 
082 7 |a 628.3  |2 (23) 
100 1 |a Τάκα, Αγάπη. 
245 1 0 |a Απομάκρυνση συμβατικών ρύπων και βενζοτριαζολών - βενζοθειαζολών σε υβριδικό σύστημα βιολογικής επεξεργασίας υγρών αποβλήτων προσκολλημένης και αιωρούμενης βιομάζας :   |b πτυχιακή μελέτη /   |c εκπόνηση εργασίας: Τάκα Αγάπη, Χρόνη Ευδοξία ; υπεύθυνος διδάκτορας: Στασινάκης Α. 
260 |c 2016.  
300 |a 110 σ. :   |b εικ., διαγρ., πιν. ;   |c 30 εκ.  
500 |a Εξεταστική επιτροπή: Στασινάκης Α.(επιβλέπων), Αλούπη Μ., Γαγάνης Π. 
502 |a Πτυχιακή εργασία – Πανεπιστήμιο Αιγαίου, Λέσβος, 2016. 
504 |a Περιλαμβάνει βιβλιογραφία και παράρτημα.  
506 1 |a Ηλεκτρονική διάθεση στο πλήρες κείμενο - περιορισμένης πρόσβασης ;   |d Ελεύθερη διάθεση μόνο στα μέλη του Πανεπιστημίου Αιγαίου.  
520 8 |a Ένα υβριδικό σύστημα προσκολλημένης και αιωρούμενης βιομάζας (Hybrid Moving Bed - Biofilm Reactor), εγκαταστάθηκε στο εργαστήριο Ποιότητας Υδάτων και Αέρα του Πανεπιστημίου Αιγαίου στη Μυτιλήνη, Ελλάδα. Το υβριδικό σύστημα λειτούργησε για δύο μήνες κατά τη διάρκεια της περιόδου Φεβρουαρίου - Μαρτίου 2015. Αποτελούνταν από τέσσερις δεξαμενές (δεξαμενή εισόδου, πρώτος βιοαντιδραστήρας (BC1), δεύτερος βιοαντιδραστήρας (BC2), και δεξαμενή καθίζησης) ενωμένες κατά σειρά. Το σύστημα συμπεριλάμβανε τη δράση βιοφορέων και ενεργού ιλύος, συνδυασμένων σε ένα στάδιο. Η τροφοδοσία του συστήματος γινόταν με απόβλητα από τη Μονάδα Επεξεργασίας Υγρών Αποβλήτων του Πανεπιστημίου Αιγαίου. Το πειραματικό μέρος χωρίστηκε σε δύο στάδια. Το πρώτο στάδιο αφορούσε ένα σύστημα συνεχούς ροής (continuous flow), όπου μελετήθηκε η απομάκρυνση τόσο συμβατικών ρύπων (COD, NH4 - N, NO3 - N), όσο και πέντε βενζοτριαζολών (BTH, 4TTR, 5TTR, XTR, CBTR) και μίας βενζοθειαζόλης (ΟΗΒΤΗ). Παρατηρήθηκε ικανοποιητική λειτουργία του συστήματος, ενδεικτικά αναφέρεται ότι το COD απομακρύνθηκε κατά μέσο όρο 88% και το αμμωνιακό άζωτο 96,2%. Όσον αφορά τις υπό μελέτη ουσίες, το σύστημα ήταν σχετικά αποδοτικό αφού η μέση απομάκρυνση κυμαινόταν από 50% για την ουσία 4TTR έως 87% για την ουσία ΟΗΒΤΗ. Στο δεύτερο στάδιο πραγματοποιήθηκαν πειράματα διαλείποντος έργου (batch), έτσι ώστε να ερευνηθεί ποιος από τους δύο τύπους βιομάζας και ποιος βιοαντιδραστήρας συνέβαλε σε μεγαλύτερο βαθμό στην απομάκρυνση των επιλεγμένων ουσιών. Μετά την εκπόνηση των πειραμάτων batch υπολογίστηκαν οι κινητικές βιοαποδόμησης και οι χρόνοι ημιζωής των ουσιών. Μεγαλύτερη συμβολή στην απομάκρυνση παρουσιάσε ο πρώτος βιοαντιδραστήρας και το βιοφιλμ που αναπτύχθηκε στους βιοφορείς. Ο δεύτερος βιοαντιδραστήρας είχε μικρή σημασία στην απομάκρυνση των ουσιών, με εξαίρεση την 4TTR. 
540 |a Κλειδωμένη η δυνατότητα αντιγραφής (copy) από το ηλεκτρονικό κείμενο.  
650 0 |a Sewage disposal. 
700 1 |a Χρόνη, Ευδοξία,  |e dis 
700 1 |a Στασινάκης, Αθανάσιος,  |e dgs 
710 2 |a Πανεπιστήμιο Αιγαίου.   |b Σχολή Περιβάλλοντος.   |b Τμήμα Περιβάλλοντος. 
852 |a INST  |b LESVOS  |c DIATR  |e 20170602  |h 1711  |p 005100059449  |q 005100059449  |t DIE  |y 23 
856 |u http://hdl.handle.net/11610/17306 
924 |a Τάκα  |b Αγάπη  |y Λέσβος  |z 2016-02 
924 |a Χρόνη   |b Ευδοξία  |y Λέσβος  |z 2016-02 
970 |a Πατσή   |b Ανθίππη   |z 02-06-2017